000
00246 a2200109 4500
001
64694
082
_a
512.5 LIP
090
_c
38277
_d
38277
100
_a
Lipschutz
245
_a
Theory and problems of Linear algebra
260
_c
Schaum's outline service
942
_k
512.5 LIP
999
_c
299767
_d
299767